Melhores times de futebol por país - Statistics

Estatísticas Gerais
  • Esse quiz foi jogado 2 655 vezes
  • A pontuação média é 11 de 18
Estatísticas das Respostas
País Dica Resposta % Correto
Espanha 14 champions e 7 mundiais Real madrid
99%
Portugal 2 champions e 2 mundiais Porto
97%
Brasil 3 libertadores e 3 munidais São paulo
97%
Alemanha 6 champions e 3 mundiais Bayern de munique
90%
Argentina 6 libertadores e 3 mundiais Boca Juniors
86%
Itália 7 champions e 4 mundiais Milan
84%
Holanda 4 champions e 2 mundiais Ajax
77%
Rússia 1 Europa league Zenit ou CSKA
77%
França 1 champions Olympique de marseille
74%
Paraguai 3 libertadores e 1 mundial Olimpia
51%
Sérvia 1 champions e 1 mundial Estrela vermelha
46%
Egito 1 champions africana Al ahly
38%
Suécia Maior campeão do campeonato sueco Malmo
37%
Eua 1 concachampions La galaxy
35%
Polônia Maior campeão da copa da Polônia Legia Varsóvia
26%
Ucrânia 1 Europa league Shaktar donetsk
21%
Romênia 1 champions Steaua Bucareste
21%
Bélgica Maior campeão do campeonato belga Anderletch
14%
Nenhum quiz correspondente encontrado
Distribuição das Pontuações
Porcentagem de Pessoas com Cada Pontuação
Percentil de Números Respondidos
Sua Pontuação Histórica
Você não jogou esse quiz